|
|
|
|
| LEADER |
00000nab a2200000 a 4500 |
| 001 |
vtls000036373 |
| 003 |
SK-MaSNL |
| 005 |
20260303023002.0 |
| 008 |
111103c1979 xo 0 slo |
| 015 |
|
|
|a SNBRB19rr/mm-uuuuu
|
| 035 |
|
|
|a CL0046468
|
| 040 |
|
|
|a SNKBUCL
|b slo
|c SNKBUCL
|e AACR2
|
| 041 |
0 |
|
|a slo
|
| 044 |
|
|
|a xo
|c SK
|
| 080 |
|
|
|a 793.3
|2 1981
|
| 100 |
1 |
|
|a Cibula, Alexander
|4 aut
|9 665887
|
| 245 |
1 |
0 |
|a Zneje slovenská pieseň
|b 25. rokov súboru Družba
|c Alexander Cibula
|
| 300 |
|
|
|b Obr. 2.
|
| 650 |
0 |
7 |
|a folklórne súbory
|2 snkbucl
|9 28685
|
| 650 |
0 |
7 |
|a Družba, Trenčín
|2 snkbucl
|9 1005411
|
| 651 |
|
7 |
|a 5210
|2 snkbucl
|9 276500
|
| 655 |
|
7 |
|a články z novín a časopisov
|2 snkbucl
|9 267496
|
| 773 |
0 |
|
|t Družstevné noviny
|g Roč. 34, č. 30 (24. 7. 1979), s. 3
|
| 850 |
|
|
|a Slovenská národná knižnica v Martine
|a MTA001
|
| 852 |
|
|
|a SNK
|b KIS3GCP
|
| 958 |
|
|
|a RK
|
| 992 |
|
|
|a RBX
|
| 999 |
|
|
|c 1631901
|d 1633831
|